000 00856nas a2200241 4500
001 BR8301708
003 BR-BrBNA
005 20231205085518.0
007 ta
008 230509b bl.|||p| |||| 00| 00por d
040 _aBR-BrBNA
_bpor
_cBiblioteca Nacional de Agricultura
041 _a(Pt)
072 _aH20
100 1 _aPompeu, A.S.
245 1 _aLinhagem isogenica no feijoeiro para resistencia ao fungo da antracnose [Phaseolus vulgaris, Colletotrichum lindemuthianum]
246 1 _aAn isogenic dry bean line for resistance to the anthracnose fungus [Phaseolus vulgaris, Colletotrichum lindemuthianum]
650 _aFEIJAO
650 _aANTRACNOSE
650 _aVARIEDADE RESISTENTE
773 0 _tBragantia (Brazil)
_xISSN 0006-8705
_g(1982), v. 41 p. 245-247
_wBR8301708
909 _a202311
_bLúcia
_c55
_dLúcia Elande
942 _2AGRIS
_n0
_cANA
999 _c111896
_d111896